| 000 | 00886nam a2200253Ia 4500 | ||
|---|---|---|---|
| 001 | 20839 | ||
| 003 | GE_BSU | ||
| 008 | 181216s||||||||xx |||||||||||||| ||und|| | ||
| 020 | _a9789994054473 | ||
| 040 | _cGE_BSU | ||
| 080 | _a821.112.2-31 | ||
| 100 | _aრემარკი, ერიხ მარია, | ||
| 245 | _aსამი მეგობარი | ||
| 245 | _bრომანი | ||
| 245 | _cგერმანულიდან თარგმნა:ანა კორძაია-სამადაშვილმა, რედ:თამარ თითმერია. | ||
| 260 | _aთბილისი | ||
| 260 | _bარეტე | ||
| 260 | _c2013 | ||
| 300 | _a422გვ;20სმ. | ||
| 541 | _h10ლ.95თ. | ||
| 653 | _aმხატვრული ლიტერატურა | ||
| 653 | _aსამი მეგობარი | ||
| 942 | _cBK | ||
| 999 |
_c53789 _d53789 |
||